Coupes du Monde de Football - Toutes catégories - Statistiques

Statistiques générales
  • Ce quiz a été pris 430 fois
    100 depuis la dernière actualisation
  • Le résultat moyen est 19 sur 25
Statistiques - réponses
Réponse % Correct
Allemagne
100%
Argentine
100%
Brésil
100%
Espagne
100%
France
100%
RFA
100%
Etats-Unis
99%
Italie
99%
Angleterre
98%
Uruguay
98%
Japon
89%
Maroc
89%
Portugal
87%
Mexique
83%
Norvège
79%
Suisse
76%
URSS
70%
Corée du Sud
64%
Yougoslavie
57%
Nigeria
50%
Ukraine
47%
Serbie
39%
Ghana
37%
Corée du Nord
35%
Arabie Saoudite
24%
Aucun quiz correspondant
Distribution des résultats
% des personnes avec chaque résultat
Percentile par nombre de réponses
Votre historique - résultats
Vous n’avez pas pris ce quiz depuis la dernière actualisation